000 00490nam a2200193 a 4500
001 1767004499021
003 YourLibrary
005 20260102153918.0
008 251229s2000##################000#0#eng##
020 _a9780340780114
082 0 4 _a294.3923092
_bBLA
100 1 _aBlais, Genevieve,
_eauthor.
245 1 0 _aThe Dalai Lama :
260 _bHodder Education,
_c2000.
300 _a86 pages
650 0 _aReligion.
942 _cENGLISH
040 _aYourLibrary
_beng
_cYourLibrary
999 _c606725
_d606725